YASMIN The Librarian / (Record no. 187344)
[ view plain ]
| 000 -LEADER | |
|---|---|
| fixed length control field | 01297nam a2200337 i 4500 |
| 005 - DATE AND TIME OF LATEST TRANSACTION | |
| control field | 20220203142122.0 |
| 008 - FIXED-LENGTH DATA ELEMENTS--GENERAL INFORMATION | |
| fixed length control field | 220203t2021 mnua j ||0 1 eng d |
| 020 ## - INTERNATIONAL STANDARD BOOK NUMBER | |
| International Standard Book Number | 9781515882596 |
| Terms of availability | RM 92.95 |
| Qualifying information | hardback |
| 040 ## - CATALOGING SOURCE | |
| Original cataloging agency | PPAK |
| Language of cataloging | eng |
| Transcribing agency | PPAK |
| Description conventions | rda |
| 082 04 - DEWEY DECIMAL CLASSIFICATION NUMBER | |
| Edition number | 23 |
| Classification number | 813.6 |
| 090 00 - LOCALLY ASSIGNED LC-TYPE CALL NUMBER (OCLC); LOCAL CALL NUMBER (RLIN) | |
| Classification number (OCLC) (R) ; Classification number, CALL (RLIN) (NR) | 813.6 |
| Feature heading | FAR |
| Feature heading | K |
| 100 1# - MAIN ENTRY--PERSONAL NAME | |
| Personal name | Faruqi, Saadia, |
| Relator term | author. |
| 245 10 - TITLE STATEMENT | |
| Title | YASMIN The Librarian / |
| Statement of responsibility, etc. | written by SAADIA FARUQI ; illustrated by HATEM ALY |
| 264 #1 - PRODUCTION, PUBLICATION, DISTRIBUTION, MANUFACTURE, AND COPYRIGHT NOTICE | |
| Place of production, publication, distribution, manufacture | North Mankato, Minnesota : |
| Name of producer, publisher, distributor, manufacturer | Picture Window Books, |
| Date of production, publication, distribution, manufacture, or copyright notice | [2021] |
| Date of production, publication, distribution, manufacture, or copyright notice | ©2021. |
| 300 ## - PHYSICAL DESCRIPTION | |
| Extent | 25 pages : |
| Other physical details | colour illustrations ; |
| Dimensions | 24 cm. |
| 336 ## - CONTENT TYPE | |
| Source | rdacontent |
| Content type term | text |
| 337 ## - MEDIA TYPE | |
| Source | rdamedia |
| Media type term | unmediated |
| 338 ## - CARRIER TYPE | |
| Source | rdacarrier |
| Carrier type term | volume |
| 490 1# - SERIES STATEMENT | |
| Series statement | YASMIN |
| 520 ## - SUMMARY, ETC. | |
| Summary, etc. | It is library day and helper Yasmin is busy shelving books, but suddenly she discovers that her own special book is missing prompting her to calmly retrace her steps. |
| 600 #0 - SUBJECT ADDED ENTRY--PERSONAL NAME | |
| Personal name | Yasmin (Fictitious character) |
| Form subdivision | Juvenile fiction. |
| 650 10 - SUBJECT ADDED ENTRY--TOPICAL TERM | |
| Topical term or geographic name entry element | Libraries |
| Form subdivision | Juvenile fiction. |
| Topical term or geographic name entry element | Lost articles |
| Form subdivision | Juvenile fiction. |
| Topical term or geographic name entry element | Schools |
| Form subdivision | Juvenile fiction. |
| Topical term or geographic name entry element | Pakistani Americans |
| Form subdivision | Juvenile fiction. |
| Topical term or geographic name entry element | Muslims |
| Geographic subdivision | United States |
| Form subdivision | Juvenile fiction. |
| 700 1# - ADDED ENTRY--PERSONAL NAME | |
| Personal name | Aly, Hatem, |
| Relator term | illustrator. |
| 830 #0 - SERIES ADDED ENTRY--UNIFORM TITLE | |
| Uniform title | Yasmin |
| 942 ## - ADDED ENTRY ELEMENTS (KOHA) | |
| Source of classification or shelving scheme | Dewey Decimal Classification |
| Koha item type | Book |
| Withdrawn | Not for loan | Current library | Shelving location | Date acquired | Total Checkouts | Total Renewals | Full call number | Barcode | Date last seen | Date last checked out | Koha item type | Checked out |
|---|---|---|---|---|---|---|---|---|---|---|---|---|
| Perpustakaan Alor Setar | Pinjaman Kanak-kanak | 10/02/2022 | 14 | 2 | K 813.6 FAR | A01724306 | 11/03/2026 | 30/12/2025 | Book | |||
| Perpustakaan Awam Sungai Petani | Pinjaman Kanak-kanak | 10/02/2022 | 13 | 1 | K 813.6 FAR | A01724307 | 10/06/2025 | 18/05/2025 | Book | |||
| Perpustakaan Baling | Pinjaman Kanak-kanak | 10/02/2022 | 3 | K 813.6 FAR | A01724309 | 12/11/2025 | 19/10/2025 | Book | ||||
| Perpustakaan Bandar Baharu | Pinjaman Kanak-kanak | 10/02/2022 | 2 | 1 | K 813.6 FAR | A01724310 | 08/10/2023 | 21/09/2023 | Book | |||
| Perpustakaan Kulim | Pinjaman Kanak-kanak | 10/02/2022 | 6 | K 813.6 FAR | A01724308 | 24/01/2026 | 03/01/2026 | Book | ||||
| Perpustakaan Yan | Pinjaman Kanak-kanak | 10/02/2022 | 7 | K 813.6 FAR | A01724311 | 14/12/2025 | 14/12/2025 | Book | 04/01/2026 |